000 00704cam2a220022900 4500
001 lce00787723
008 700205c19691970nyuab b 001 0 eng
010 _a 72093300
020 _a0471937444
035 _a(Sirsi) r31827
035 _a(DLC) 72093300
035 _a(UPRA)lce00787723
050 0 _aGC11
_b.W47
082 _a551.4/6
100 1 _aWeyl, Peter K., 1924-
_dWeyl, Peter K., 1924-
_6A95958.1
245 1 0 _aOceanography: an introduction to the marine environment
_c[by] Peter K. Weyl.
260 _aNew York,
_bWiley
_c[1969, c1970]
504 _aBibliography: p. 515-517.
650 0 _aOceanography.
_6S27126.1
949 _aGC11
_wlcc
_i-36415
_mMAIN
_tBOOK
_lON-SHELF
004 31827
999 _c57726
_d57726